000 00615cam a22002053a 4500
001 42059
003 PGUSA
005 20140828083941.0
008 130210s2013||||xxu|||||s|||||000 | eng d
040 _aPGUSA
_beng
042 _adc
100 1 _aWinsor, Justin
245 1 0 _aChristopher Columbus and How He Received and Imparted the Spirit of Discovery
_h[electronic resource] /
_cJustin Winsor
260 _bProject Gutenberg,
_c2013
506 _aPublic domain in the USA.
516 _aElectronic text
830 0 _aProject Gutenberg
_v42059
856 4 0 _uhttp://www.gutenberg.org/ebooks/42059
942 _cEB
999 _c271311
_d271311